Puentes

Gorde:
Xehetasun bibliografikoak
Egile nagusia: Barrientos Victoriano, Carlos (Egilea)
Formatua: Liburua
Hizkuntza:gaztelania
Argitaratua: Puerto Montt Dirección de Vialidad 1997
Gaiak:
Etiketak: Etiketa erantsi
Etiketarik gabe, Izan zaitez lehena erregistro honi etiketa jartzen!

MARC

LEADER 00000nam a2200000 a 4500
001 UCL2293
003 CL-VaPUC
008 031017e19970000CL |||||||||||||||||spa|d
082 0 4 |a 624.2  |b BAR  |2 21 
100 0 |a Barrientos Victoriano, Carlos  |e author  |9 479369 
245 1 0 |a Puentes 
300 |a 330 p 
942 |c BK 
945 |d 20031017 00:00:00  |a cmena 
260 |a Puerto Montt  |b Dirección de Vialidad  |c 1997 
650 0 |a Diseño de estructuras  |9 260345 
650 7 |a HORMIGON ARMADO  |2 CL-VaPUC  |9 479370 
650 0 |a Infraestructura vial  |9 479371 
650 0 |a Anclajes   |9 367252 
650 0 |a Vigas  |9 363949 
583 |a last modification  |c 20031017 00:00:00  |k Rodrigo Vera 
999 |c 305637  |d 305635 
952 |0 0  |1 0  |4 0  |6 624_200000000000000_BAR_1997  |7 0  |8 A  |9 369792  |a BIBING  |b BIBING  |d 2019-11-21  |i 3953769  |o 624.2 BAR 1997  |p 3953769  |r 2025-01-20  |w 2019-11-21  |y BK  |k CCL 
952 |0 0  |1 0  |4 0  |6 624_200000000000000_BAR_1997  |7 0  |8 A  |9 369793  |a BIBING  |b BIBING  |d 2019-11-21  |i 3953777  |l 1  |o 624.2 BAR 1997  |p 3953777  |r 2025-01-20  |s 2023-09-12  |w 2019-11-21  |y BK  |k CCL 
952 |0 0  |1 0  |4 0  |6 624_200000000000000_BAR_1997  |7 0  |8 A  |9 369794  |a BIBING  |b BIBING  |d 2019-11-21  |i 3953785  |l 1  |o 624.2 BAR 1997  |p 3953785  |r 2025-01-20  |s 2022-05-23  |w 2019-11-21  |y BK  |k CCL